000 01248cam a2200313 a 4500
001 4433319
003 OSt
005 20160419143721.0
008 941018s1995 enka b 001 0 eng
010 _a 94023723
020 _a0521589894
040 _aDLC
_cDLC
_dDLC
050 0 0 _aQC174.45
_b.T79 1995
082 0 0 _a530.14
_220
_bTSV 1998
100 1 _aTsvelik, Alexei M.
_98083
245 1 0 _aQuantum field theory in condensed matter physics /
_cAlexei M. Tsvelik.
260 _aCambridge ;
_aNew York, NY, USA :
_bCambridge University Press,
_c1995.
300 _axvi, 332 p. :
_bill. ;
_c24 cm.
504 _a"General bibliography": p. xv.
504 _aIncludes bibliographical references and index.
650 0 _aQuantum field theory.
_98084
650 0 _aCondensed matter.
_98085
856 4 1 _3Sample text
_uhttp://www.loc.gov/catdir/samples/cam034/94023723.html
856 4 2 _3Publisher description
_uhttp://www.loc.gov/catdir/description/cam026/94023723.html
856 4 1 _3Table of contents
_uhttp://www.loc.gov/catdir/toc/cam021/94023723.html
906 _a7
_bcbc
_corignew
_d1
_eocip
_f19
_gy-gencatlg
942 _2ddc
_cSLOAN
999 _c3628
_d3628